000 00797nam a22002417a 4500
001 23092
003 UA-OsUOA
005 20220710180733.0
007 ta
008 20040106b un ||||| |||| 00| 0 ukr d
040 _aUA-OsUOA
_brus
_cUA-OsUOA
_dUA-OsUOA
041 _arus
044 _aRU
080 _a282(091)
090 _a282(091)
_bМ50
100 _aМэнхэттен А.
245 _aВатикан. Католическая церковь - оплот мировой реакции
_cА. Мэнхэттен ; пер. с англ. И. Боронос, Н. Лосевой
260 _aМосква
_bГосударственное издательство иностранной литературы
_c1948
300 _a393 с.
650 7 _2UDC
942 _cBK
_2udc
955 _a0
999 _c309331
_d309331